00947nam a22002777a 4500003000500000005001700005008004100022010000900063011000900072035000900081040000900090100002800099245010400127260011500231300001000346490002500356500001100381650003900392650003400431650004500465650003700510650003700547700003100584700002900615830002500644CHAP20250819101530.0971013s1990 r 00010 d a1745 a2717 a1913 cCHAP00aRamírez Leyva, Amado. aMexican agricultureb: the potential for export production and employment generation in rural areas aWashington, D. C. :bCommission for the Study of International Migration and Cooperative Economic De...,c1990 a41 p. aWorking papersv; 49 aD43-1914aAgriculturaxTrabajadoresxMexico.14aEmigración e inmigración.14aExportación e importaciónzMéxico.14aPolítica agrícolazMéxico.14aProductos agrícolasxMercadeo.1 aPortillo Vázquez, Marcos0 aSánchez Solano, Celia.0 aWorking papersv; 49